MARC details
| 000 -CABECERA |
| campo de control de longitud fija |
01474nam a2200421 a 4500 |
| 001 - NÚMERO DE CONTROL |
| campo de control |
dia_1337 |
| 003 - IDENTIFICADOR DEL NÚMERO DE CONTROL |
| campo de control |
CHAP |
| 005 - FECHA Y HORA DE LA ÚLTIMA TRANSACCIÓN |
| campo de control |
20240801091404.0 |
| 007 - CAMPO FIJO DE DESCRIPCIÓN FÍSICA--INFORMACIÓN GENERAL |
| campo de control de longitud fija |
ta |
| 008 - DATOS DE LONGITUD FIJA--INFORMACIÓN GENERAL |
| campo de control de longitud fija |
220117s1977 sp ado fr 001 0 spa d |
| 010 ## - NÚMERO DE CONTROL DE LA BIBLIOTECA DEL CONGRESO |
| Número de control de LC |
171884 |
| 020 ## - NÚMERO INTERNACIONAL ESTÁNDAR DEL LIBRO |
| Número Internacional Estándar del Libro |
84-205-0379-7 |
| 040 ## - FUENTE DE LA CATALOGACIÓN |
| Centro catalogador/agencia de origen |
mxchpua |
| Centro/agencia transcriptor |
CHAP |
| 041 ## - CÓDIGO DE LENGUA |
| Código de lengua del texto/banda sonora o título independiente |
spa |
| Código de lengua original |
spa |
| 050 10 - SIGNATURA TOPOGRÁFICA DE LA BIBLIOTECA DEL CONGRESO |
| Número de clasificación |
QR84 |
| Número de documento/Ítem |
.R67 1977 |
| 082 ## - NÚMERO DE LA CLASIFICACIÓN DECIMAL DEWEY |
| Número de clasificación |
576 |
| Número de documento/Ítem |
R67 1977 |
| Número de edición |
20 |
| 100 1# - ENTRADA PRINCIPAL--NOMBRE DE PERSONA |
| Nombre de persona |
Rose, Anthony H. |
| 9 (RLIN) |
100071 |
| 240 10 - TÍTULO UNIFORME |
| Título uniforme |
Chemical microbiology, 3rd edition. |
| Lenguaje de la obra |
Español |
| 245 10 - MENCIÓN DE TÍTULO |
| Título |
Microbiología química: |
| Resto del título |
Introducción a la Fisiología Microbiana / |
| Mención de responsabilidad, etc. |
Anthony H. Rose ; traductor Dimas Fernández Galiano |
| 250 ## - MENCIÓN DE EDICIÓN |
| Mención de edición |
2a edición |
| 264 ## - PRODUCCIÓN, PUBLICACIÓN, DISTRIBUCIÓN, FABRICACIÓN Y COPYRIGHT |
| Producción, publicación, distribución, fabricación y copyright |
España : |
| Nombre del de productor, editor, distribuidor, fabricante |
Alhambra. |
| Fecha de producción, publicación, distribución, fabricación o copyright |
1977 |
| 300 ## - DESCRIPCIÓN FÍSICA |
| Extensión |
522 págfinas : |
| Otras características físicas |
ilustraciones, tablas, gráficas, diagramas, fotos |
| 336 ## - TIPO DE CONTENIDO |
| Término de tipo de contenido |
texto |
| Código de tipo de contenido |
txt |
| Fuente |
rdacontent |
| 337 ## - TIPO DE MEDIO |
| Nombre/término del tipo de medio |
no mediado |
| Código del tipo de medio |
n |
| Fuente |
rdamedia |
| 338 ## - TIPO DE SOPORTE |
| Nombre/término del tipo de soporte |
volumen |
| Código del tipo de soporte |
nc |
| Fuente |
rdacarrier |
| 490 1# - MENCIÓN DE SERIE |
| Mención de serie |
Exedra. Ciencia, tecnica, ingenieria(Alhambra) |
| 504 ## - NOTA DE BIBLIOGRAFÍA, ETC. |
| Nota de bibliografía, etc. |
Incluye bibliografías |
| 650 13 - PUNTO DE ACCESO ADICIONAL DE MATERIA--TÉRMINO DE MATERIA |
| Término de materia o nombre geográfico como elemento de entrada |
Microbiología |
| Fuente del encabezamiento o término |
atg |
| 9 (RLIN) |
75490 |
| 650 13 - PUNTO DE ACCESO ADICIONAL DE MATERIA--TÉRMINO DE MATERIA |
| Término de materia o nombre geográfico como elemento de entrada |
Fisiología microbial |
| 9 (RLIN) |
189329 |
| 650 13 - PUNTO DE ACCESO ADICIONAL DE MATERIA--TÉRMINO DE MATERIA |
| Término de materia o nombre geográfico como elemento de entrada |
Microbiology |
| Fuente del encabezamiento o término |
atg |
| 9 (RLIN) |
150556 |
| 650 13 - PUNTO DE ACCESO ADICIONAL DE MATERIA--TÉRMINO DE MATERIA |
| Término de materia o nombre geográfico como elemento de entrada |
Microbial physiology |
| 9 (RLIN) |
189330 |
| 700 1# - PUNTO DE ACCESO ADICIONAL--NOMBRE DE PERSONA |
| Nombre de persona |
Fernández Galiano, Dimas |
| 9 (RLIN) |
189331 |
| Término indicativo de función/relación |
traductor |
| 830 0# - PUNTO DE ACCESO ADICIONAL DE SERIE-TÍTULO UNIFORME |
| Título uniforme |
Exedra. Ciencia, tecnica, ingenieria(Alhambra) |
| Número de parte o sección de la obra |
28 |
| Nombre de parte o sección de la obra |
Sección y Biología (4) |
| 9 (RLIN) |
39045 |
| 942 ## - ELEMENTOS DE PUNTO DE ACCESO ADICIONAL (KOHA) |
| Tipo de ítem Koha |
Libro |
| Fuente del sistema de clasificación o colocación |
Dewey Decimal Classification |
| 901 ## - ELEMENTOS DE DATOS A LOCAL LDA (RLIN) |
| a |
576 R67 1977 |
| 902 ## - ELEMENTOS DE DATOS B LOCAL, LDB (RLIN) |
| a |
M |
| 905 ## - ELEMENTOS DE DATOS E LOCAL, LDE (RLIN) |
| a |
0000001977 ESPA 0000000000ESP00 |